000 00600cam9a220021700 4500
001 zam00001917
008 951128s1962 xx eng u
035 _a(Sirsi) r19297
035 _a(MACHINE)SLC.
100 _aNoll, V. H.
_6A80103.1
245 1 0 _aReadings in education.
260 _c1962.
949 _aLB1051
_wlcc
_mMAIN
_p2500
_tSHORTLOAN
_lSHORTLOAN
004 19297
591 _aClass code: ED 210.
591 _aCourse: Education psychology and sociology.
591 _aSchool: S03.
591 _aLecturer: Dr. MUYANGWA, M.
591 _aNumber of Students: 147.
909 _aBook
999 _c8227
_d8227